|
|
|
|
| LEADER |
00000nam0a2200000 4500 |
| 001 |
223427 |
| 005 |
20231101230526.0 |
| 035 |
|
|
|a (RuTPU)RU\TPU\book\243677
|
| 090 |
|
|
|a 223427
|
| 100 |
|
|
|a 20121010d1966 km y0rusy50 ca
|
| 101 |
0 |
|
|a rus
|
| 102 |
|
|
|a RU
|
| 105 |
|
|
|a a z 000zy
|
| 200 |
1 |
|
|a От нейтрино до Вселенной. Материя и человек
|f М. В. Васильев
|
| 210 |
|
|
|a Москва
|c Советская Россия
|d 1966
|
| 215 |
|
|
|a 335 с.
|c ил.
|
| 606 |
|
|
|a Вселенная
|2 stltpush
|3 (RuTPU)RU\TPU\subj\3751
|9 32117
|
| 610 |
1 |
|
|a человек
|
| 610 |
1 |
|
|a материя
|
| 610 |
1 |
|
|a тела
|
| 610 |
1 |
|
|a галактики
|
| 610 |
1 |
|
|a элементарные частицы
|
| 610 |
1 |
|
|a открытие
|
| 610 |
1 |
|
|a протоны
|
| 610 |
1 |
|
|a электроны
|
| 610 |
1 |
|
|a нейтрино
|
| 610 |
1 |
|
|a атомы
|
| 610 |
1 |
|
|a кристаллы
|
| 610 |
1 |
|
|a электромагнитное поле
|
| 610 |
1 |
|
|a планетные системы
|
| 675 |
|
|
|a 524.8
|v 3
|
| 700 |
|
1 |
|a Васильев
|b М. В.
|g Михаил Васильевич
|
| 801 |
|
1 |
|a RU
|b 63413507
|c 20121010
|
| 801 |
|
2 |
|a RU
|b 63413507
|c 20140214
|g RCR
|
| 942 |
|
|
|c BK
|